Flags of Antarctican Territories - Statistics

General Stats
  • This quiz has been taken 61 times
  • The average score is 8 of 9
Answer Stats
Picture Answer % Correct
Norway
94%
South Africa
94%
Australia
92%
New Zealand
92%
France
87%
United Kingdom
85%
United Kingdom
85%
Argentina
77%
Chile
77%
No matching quizzes found
Score Distribution
Percent of People with Each Score
Percentile by Number Answered
Your Score History
You have not taken this quiz